LIBRARY & INFORMATION CENTRE, KCAET, TAVANUR

ONLINE PUBLIC ACCESS CATALOGUE (OPAC)

Normal view MARC view
  • Jaisridher,p

Entry Personal Name

Number of records used in: 1

001 - CONTROL NUMBER

  • control field: 5012

003 - CONTROL NUMBER IDENTIFIER

  • control field: OSt

005 - DATE AND TIME OF LATEST TRANSACTION

  • control field: 20210914111458.0

008 - FIXED-LENGTH DATA ELEMENTS

  • fixed length control field: 210914|| aca||aabn | a|a d

040 ## - CATALOGING SOURCE

  • Original cataloging agency: OSt
  • Transcribing agency: OSt

100 ## - HEADING--PERSONAL NAME

  • Personal name: Jaisridher,p

670 ## - SOURCE DATA FOUND

  • Source citation: Work cat.: (OSt): Jaisridher,p, Communication Technologies In Agriculture, 2020
free website counter